Score 0/20 Timer 04:00
2 Plays Today
Answer % Correct
Apple (~ $153 billion)
98%
Facebook (~ $86 billion)
97.9%
McDonald's (~ $62 billion)
97.8%
Oprah Winfrey (~ $2.7 billion)
97%
Titanic (~ $2.2 billion)
95.4%
Avatar (~ $2.8 billion)
93.1%
New York Yankees (~ $1.6 billion)
92.4%
BP (~ $113 billion)
86%
Green Bay Packers (~ $1.1 billion)
81.1%
The Avengers (~ $1.5 billion)
81.1%
Answer % Correct
General Electric (~ $50 billion)
79.9%
The Dark Knight (~ $1 billion)
78.4%
Steven Spielberg (~ $3 billion)
75.8%
Dallas Cowboys (~ $1.8 billion)
74.8%
Toronto Maple Leafs (~ $1 billion)
69.7%
George Lucas (~ $7.3 billion)
66.3%
Manchester United (~ $2.2 billion)
65.2%
J.K. Rowling (~ $1 billion)
63.2%
Lord of the Rings: Return of the King (~ $1.1 billion)
51.8%
Giorgio Armani (~ $7.2 billion)
5%
Remove Ads.
Support Sporcle.
Get the best of Sporcle when you Go Orange. This ad-free experience offers more features, more stats, and more fun while also helping to support Sporcle. Thank you for becoming a member.

You're not logged in!

Compare scores with friends on all Sporcle quizzes.
OR
Log In

Show Comments

Extras

Top Quizzes Today


Score Distribution

Your Account Isn't Verified!

In order to create a playlist on Sporcle, you need to verify the email address you used during registration. Go to your Sporcle Settings to finish the process.

Report this User

Report this user for behavior that violates our Community Guidelines.

Details: